00266 a2200097 450000100060000008200140000610000190002024500600003926000420009930000270014166097 a629.8 WAN aWang, Weizheng aCommunications toolbox for use with MATLAB and SIMULINK aNatick, MAbThe Math Works, Incc1996 apage variesbphotocopy